Catálogo
 En Linea

Esquema sexual. (Registro nro. 39400)

Detalles MARC
000 -CABECERA
campo de control de longitud fija 00313nam a2200109 a 4500
005 - FECHA Y HORA DE LA ÚLTIMA TRANSACCIÓN
campo de control 20201002033813.0
008 - DATOS DE LONGITUD FIJA--INFORMACIÓN GENERAL
campo de control de longitud fija 130729s1933 000 spa d
040 ## - FUENTE DE LA CATALOGACIÓN
Centro catalogador/agencia de origen DO-SdBNP
100 ## - ENTRADA PRINCIPAL--NOMBRE DE PERSONA
Nombre de persona Salvador, Humberto
9 (RLIN) 66117
245 #0 - MENCIÓN DE TÍTULO
Título Esquema sexual.
260 ## - PUBLICACIÓN, DISTRIBUCIÓN, ETC.
Lugar de publicación, distribución, etc. Buenos Aires, Argentina -- edit. claridad,
Fecha de publicación, distribución, etc. 1933 -- 256 pag.

No hay ítems disponibles.

Con tecnología Koha